000 01099 a2200229 4500
001 118970
020 _a9788526014053
020 _qbroch.
041 _apor
082 _a028
100 _aQueirós, Bartolomeu Campos de
520 _aCom a rotação da Terra e o corpo invento uma bússola e sou uma rosa dos ventos. Abro os braços como se para um abraço. Com a mão direita tento tocar onde o Sol nasce. Lá é o Leste, lá é o Oriente. Ao nascer, o Sol acorda a noite e tudo vira dia. O Sol surge lento… Rosa dos Ventos pode parecer um livro com a intenção de ensinar, brincando, os pontos cardeais. Como ele, certamente, pode-se ensinar e aprender também os pontos cardeais, porém no texto de Bartolomeu Campos de Queirós há muito mais do que isso.
697 _aPontos cardeais
856 _u000033/0000336a.jpg
040 _aBR-BrIDEA
_cBR-BrIDEA
090 _aYear 3 028
_bQUE
245 1 0 _aRosa dos ventos
_cBartolomeu Campos de Queirós
260 _aSão Paulo
_bGlobal
_c2009
300 _a20 p.
_bcol. ill.
700 _aMesquita, Camila
_eilustrador
942 _cBK
999 _c118970
_d118970